| 000 | 00360nam a22001337a 4500 | ||
|---|---|---|---|
| 020 | _a9789351485797 | ||
| 082 | _a230 RAZ | ||
| 100 | _aRazu, I John Mohan | ||
| 245 | _aLiving Theologies: Reflections from Diverse Specifications | ||
| 260 |
_aBangalore _bCSIRS & Christian World Imprints _c2021 |
||
| 300 | _a361 | ||
| 650 | _aTheology-Christian | ||
| 942 | _cBK | ||
| 999 |
_c23205 _d23205 |
||